<?xml version="1.0" encoding="UTF-8"?>
<record
    xmlns:xsi="http://www.w3.org/2001/XMLSchema-instance"
    xsi:schemaLocation="http://www.loc.gov/MARC21/slim http://www.loc.gov/standards/marcxml/schema/MARC21slim.xsd"
    xmlns="http://www.loc.gov/MARC21/slim">

  <leader>02489nam a22003377a 4500</leader>
  <datafield tag="999" ind1=" " ind2=" ">
    <subfield code="c">21759</subfield>
    <subfield code="d">21759</subfield>
  </datafield>
  <controlfield tag="003">AR-CdUCM</controlfield>
  <controlfield tag="008">190425b           ||||| |||| 00| 0 spa d</controlfield>
  <datafield tag="040" ind1=" " ind2=" ">
    <subfield code="a">MUNICIPALIDAD PROVINCIAL DEL CUSCO</subfield>
    <subfield code="c">BIBLIOTECA MUNICIPAL DEL CUSCO</subfield>
  </datafield>
  <datafield tag="082" ind1=" " ind2=" ">
    <subfield code="a">Rev.Univ/N&#xB0;105/1953</subfield>
  </datafield>
  <datafield tag="110" ind1=" " ind2=" ">
    <subfield code="a">Universidad Nacional de San Antonio Abad del Cusco</subfield>
    <subfield code="9">15942</subfield>
  </datafield>
  <datafield tag="245" ind1=" " ind2=" ">
    <subfield code="a">Revista Universitaria :</subfield>
    <subfield code="b">&#xD3;rgano de la Universidad del Cuzco /</subfield>
  </datafield>
  <datafield tag="260" ind1=" " ind2=" ">
    <subfield code="a">Cusco :</subfield>
    <subfield code="b">H.G. Rozas,</subfield>
    <subfield code="c">1953.</subfield>
  </datafield>
  <datafield tag="300" ind1=" " ind2=" ">
    <subfield code="a">424 p&#xE1;ginas. :</subfield>
    <subfield code="c">20 cm.</subfield>
  </datafield>
  <datafield tag="440" ind1=" " ind2=" ">
    <subfield code="a">Revista Universitaria</subfield>
    <subfield code="n">A&#xF1;o XLII, 2&#xB0; semestre 1953, N&#xB0;105.</subfield>
    <subfield code="9">45992</subfield>
  </datafield>
  <datafield tag="505" ind1=" " ind2=" ">
    <subfield code="a">Contenido: Cuestiones internacionales. Luis Felipe Paredes. -- Papeles referentes a la revoluci&#xF3;n de 1814. Jorge Cornejo Bouroncle. --  Significado sentido y efecto de nuestra gesta emancipadora. Carlos N&#xFA;&#xF1;ez Anavitarte. -- Edad de las calizas de la formaci&#xF3;n Yuncaypata. Carlos Kalafatovich. -- La responsabilidad de la educaci&#xF3;n en el mundo actual. Antonio Astete Abrill. -- El pensamiento cient&#xED;fico natural natural en el Per&#xFA; afines del siglo XVIII. Juan Lastres. -- Funci&#xF3;n econ&#xF3;mica de los caminos en la regi&#xF3;n del Cuzco. Octavio Linares Alencastre. -- El Dr. Ralph Steele Boggs y su clasificaci&#xF3;n del folklore. Efra&#xED;n Morote Best. --  La interpretaci&#xF3;n econ&#xF3;mica de la historia. Cesar Augusto Reinaga. -- Tendencia y ritmo de la delincuencia en el Cuzco. Gustavo N&#xFA;&#xF1;ez del Prado. -- Una ronda bot&#xE1;nica a las cabeceras del valle de Lares. Felipe Mar&#xED;n Moreno. -- An&#xE1;lisis del Cosinga Metardaris del Cuzco. Ernesto Montesinos V. -- Paruro un sierra t&#xED;pica. Mario Escobar Moscoso. -- Breve informe sobre la energ&#xED;a at&#xF3;mica y sus aplicaciones pac&#xED;ficas. Hans Rothgiesser. -- Colecci&#xF3;n de autores cuzque&#xF1;os. Clorinda Matto de Turner. Tradiciones cuzque&#xF1;as, leyendas, biograf&#xED;as y hojas sueltas, primera parte.</subfield>
  </datafield>
  <datafield tag="650" ind1=" " ind2=" ">
    <subfield code="a">Levantamientos andinos</subfield>
    <subfield code="9">44095</subfield>
  </datafield>
  <datafield tag="650" ind1=" " ind2=" ">
    <subfield code="a">Geolog&#xED;a cusque&#xF1;a</subfield>
    <subfield code="9">45993</subfield>
  </datafield>
  <datafield tag="650" ind1=" " ind2=" ">
    <subfield code="a">Econom&#xED;a cusque&#xF1;a</subfield>
    <subfield code="9">9131</subfield>
  </datafield>
  <datafield tag="650" ind1=" " ind2=" ">
    <subfield code="a">Bot&#xE1;nica cusque&#xF1;a</subfield>
    <subfield code="9">45807</subfield>
  </datafield>
  <datafield tag="650" ind1=" " ind2=" ">
    <subfield code="a">Clorinda Matto de Turner</subfield>
    <subfield code="9">29945</subfield>
  </datafield>
  <datafield tag="650" ind1=" " ind2=" ">
    <subfield code="a">Tradiciones cusque&#xF1;as</subfield>
    <subfield code="9">31110</subfield>
  </datafield>
  <datafield tag="700" ind1=" " ind2=" ">
    <subfield code="a">Cornejo Bouroncle, Jorge</subfield>
    <subfield code="9">15278</subfield>
  </datafield>
  <datafield tag="700" ind1=" " ind2=" ">
    <subfield code="a">Astete Abrill, Antonio</subfield>
    <subfield code="9">32447</subfield>
  </datafield>
  <datafield tag="700" ind1=" " ind2=" ">
    <subfield code="a">N&#xFA;&#xF1;ez del Prado, Gustavo</subfield>
    <subfield code="9">24114</subfield>
  </datafield>
  <datafield tag="700" ind1=" " ind2=" ">
    <subfield code="a">Kalafatovich, Carlos</subfield>
    <subfield code="9">45994</subfield>
  </datafield>
  <datafield tag="700" ind1=" " ind2=" ">
    <subfield code="a">Morote Best, Efra&#xED;n</subfield>
    <subfield code="9">45995</subfield>
  </datafield>
  <datafield tag="700" ind1=" " ind2=" ">
    <subfield code="a">Escobar Moscoso, Mario</subfield>
    <subfield code="9">31091</subfield>
  </datafield>
  <datafield tag="710" ind1=" " ind2=" ">
    <subfield code="a">Universidad Nacional de San Antonio Abad del Cusco</subfield>
    <subfield code="9">15942</subfield>
  </datafield>
  <datafield tag="942" ind1=" " ind2=" ">
    <subfield code="2">ddc</subfield>
    <subfield code="c">PP</subfield>
  </datafield>
  <datafield tag="945" ind1=" " ind2=" ">
    <subfield code="a">rac</subfield>
  </datafield>
  <datafield tag="952" ind1=" " ind2=" ">
    <subfield code="0">0</subfield>
    <subfield code="2">ddc</subfield>
    <subfield code="4">0</subfield>
    <subfield code="7">0</subfield>
    <subfield code="a">HEM</subfield>
    <subfield code="b">HEM</subfield>
    <subfield code="c">CART</subfield>
    <subfield code="d">2021-07-12</subfield>
    <subfield code="g">10.00</subfield>
    <subfield code="o">Rev.Univ/N&#xB0;105/1953</subfield>
    <subfield code="p">REVC000143</subfield>
    <subfield code="r">2021-07-12</subfield>
    <subfield code="y">PP</subfield>
  </datafield>
</record>
